Captain America: Civil War teams - Statistics

General Stats
  • This quiz has been taken 115 times
  • The average score is 12 of 12
Answer Stats
Hint Answer % Correct
Team Stark Natasha Romanoff
100%
Team Stark Tony Stark
100%
Team Stark Peter Parker
99%
Team Cap Scott Lang
99%
Team Stark James Rhodes
98%
Team Cap Sam Wilson
98%
Team Cap Steve Rogers
98%
Team Stark T'Challa
98%
Team Cap Clint Barton
97%
Team Stark Vision
97%
Team Cap Bucky Barnes
95%
Team Cap Wanda Maximoff
92%
No matching quizzes found
Score Distribution
Percent of People with Each Score
Percentile by Number Answered
Your Score History
You have not taken this quiz